Statistics for Burnley FC Squad 2016-2017

Click here to take the quiz!

General Stats

  • This quiz has been taken 4 times
  • The average score is 13 of 27

Answer Stats

#PositionNationPlayer% Correct
26DFEnglandJames Tarkowski
100%
25FWIcelandJóhann Berg Guðmundsson
100%
5DFEnglandMichael Keane
100%
29GKEnglandNick Pope
100%
-CoachEnglandSean Dyche
100%
16MFBelgiumSteven Defour
100%
7FWJamaicaAndre Gray
67%
10FWEnglandAshley Barnes
67%
18MFEnglandAshley Westwood
67%
6DFEnglandBen Mee
67%
9FWWalesSam Vokes
67%
1GKEnglandTom Heaton
67%
41MFAustraliaAiden O'Neill
33%
8MFEnglandDean Marney
33%
21MFScotlandGeorge Boyd
33%
13MFIrelandJeff Hendrick
33%
28DFIrelandKevin Long
33%
2DFEnglandMatthew Lowton
33%
12MFIrelandRobbie Brady
33%
37MFCanadaScott Arfield
33%
19MFEnglandJoey Barton
0%
4DFEnglandJon Flanagan
0%
11FWEnglandMichael Kightly
0%
15FWEnglandPatrick Bamford
0%
17GKEnglandPaul Robinson
0%
23DFIrelandStephen Ward
0%
27DFZimbabweTendayi Darikwa
0%

Score Distribution

Percentile by Number Answered

Percent of People with Each Score

Your Score History

You have not taken this quiz